<?xml version="1.0" encoding="UTF-8"?>
<record
    xmlns:xsi="http://www.w3.org/2001/XMLSchema-instance"
    xsi:schemaLocation="http://www.loc.gov/MARC21/slim http://www.loc.gov/standards/marcxml/schema/MARC21slim.xsd"
    xmlns="http://www.loc.gov/MARC21/slim">

  <leader>00272nam a22000977a 4500</leader>
  <datafield tag="082" ind1=" " ind2=" ">
    <subfield code="a">Vol-</subfield>
  </datafield>
  <datafield tag="245" ind1=" " ind2=" ">
    <subfield code="a">Foreign Affairs :</subfield>
    <subfield code="b">magazine for in-depth analysis and debate of foreign policy /</subfield>
  </datafield>
  <datafield tag="260" ind1=" " ind2=" ">
    <subfield code="a">Canada :</subfield>
    <subfield code="b">Council on Foreign Relations,</subfield>
  </datafield>
  <datafield tag="300" ind1=" " ind2=" ">
    <subfield code="c">24cm.</subfield>
  </datafield>
  <datafield tag="942" ind1=" " ind2=" ">
    <subfield code="c">CR</subfield>
  </datafield>
  <datafield tag="999" ind1=" " ind2=" ">
    <subfield code="c">566169</subfield>
    <subfield code="d">566169</subfield>
  </datafield>
  <datafield tag="952" ind1=" " ind2=" ">
    <subfield code="0">0</subfield>
    <subfield code="1">0</subfield>
    <subfield code="4">0</subfield>
    <subfield code="7">0</subfield>
    <subfield code="a">CL</subfield>
    <subfield code="b">CL</subfield>
    <subfield code="c">REF</subfield>
    <subfield code="d">2021-06-14</subfield>
    <subfield code="l">0</subfield>
    <subfield code="o">Vol-100, No-3 May / June 2021</subfield>
    <subfield code="p">S-3290</subfield>
    <subfield code="r">2021-06-14</subfield>
    <subfield code="w">2021-06-14</subfield>
    <subfield code="y">CR</subfield>
  </datafield>
  <datafield tag="952" ind1=" " ind2=" ">
    <subfield code="0">0</subfield>
    <subfield code="1">0</subfield>
    <subfield code="4">0</subfield>
    <subfield code="7">0</subfield>
    <subfield code="a">CL</subfield>
    <subfield code="b">CL</subfield>
    <subfield code="c">REF</subfield>
    <subfield code="d">2022-10-12</subfield>
    <subfield code="l">1</subfield>
    <subfield code="o">Vol-101, No. 5 - Sep/Oct 2022</subfield>
    <subfield code="p">S-4349</subfield>
    <subfield code="r">2025-04-23</subfield>
    <subfield code="s">2024-12-10</subfield>
    <subfield code="w">2022-10-12</subfield>
    <subfield code="y">CR</subfield>
  </datafield>
</record>
